<?xml version="1.0" encoding="UTF-8"?><?xml-stylesheet type="text/xsl" href="static/style.xsl"?><OAI-PMH xmlns="http://www.openarchives.org/OAI/2.0/" xmlns:xsi="http://www.w3.org/2001/XMLSchema-instance" xsi:schemaLocation="http://www.openarchives.org/OAI/2.0/ http://www.openarchives.org/OAI/2.0/OAI-PMH.xsd"><responseDate>2026-04-17T01:46:39Z</responseDate><request verb="GetRecord" identifier="oai:www.recercat.cat:2117/389991" metadataPrefix="marc">https://recercat.cat/oai/request</request><GetRecord><record><header><identifier>oai:recercat.cat:2117/389991</identifier><datestamp>2025-07-17T15:24:27Z</datestamp><setSpec>com_2072_1033</setSpec><setSpec>col_2072_452951</setSpec></header><metadata><record xmlns="http://www.loc.gov/MARC21/slim" xmlns:dcterms="http://purl.org/dc/terms/" xmlns:xsi="http://www.w3.org/2001/XMLSchema-instance" xmlns:doc="http://www.lyncode.com/xoai" xsi:schemaLocation="http://www.loc.gov/MARC21/slim http://www.loc.gov/standards/marcxml/schema/MARC21slim.xsd">
   <leader>00925njm 22002777a 4500</leader>
   <datafield ind2=" " ind1=" " tag="042">
      <subfield code="a">dc</subfield>
   </datafield>
   <datafield ind2=" " ind1=" " tag="720">
      <subfield code="a">García, Macarena</subfield>
      <subfield code="e">author</subfield>
   </datafield>
   <datafield ind2=" " ind1=" " tag="260">
      <subfield code="c">2023-06</subfield>
   </datafield>
   <datafield ind2=" " ind1=" " tag="520">
      <subfield code="a">Máster en planificación urbana y sostenibilidad. Taller Final de Máster: Expo Málaga, una oportunidad para conseguir una ciudad más sostenible y resiliente</subfield>
   </datafield>
   <datafield ind2=" " ind1=" " tag="520">
      <subfield code="a">El cambio climático es uno de los mayores desafíos que enfrenta nuestro planeta en la actualidad. Los efectos del aumento de las&#xd;
temperaturas globales, el cambio en los patrones de precipitación y la frecuencia e intensidad de los eventos climáticos extremos son&#xd;
evidentes en todo el mundo. Estos cambios tienen un impacto significativo en el medio ambiente, la sociedad y la economía.&#xd;
En este contexto, los espacios verdes, en todas sus escalas, se han convertido en una herramienta fundamental para mitigar los efectos&#xd;
del cambio climático. Desempeñan un papel crucial en la regulación del clima urbano, la reducción del efecto isla de calor y la mejora de la&#xd;
calidad del aire.&#xd;
Además de su capacidad para absorber dióxido de carbono y liberar oxígeno, los espacios verdes también actúan como sumideros de&#xd;
carbono, ayudando a reducir la concentración de gases de efecto invernadero en la atmósfera.&#xd;
Estos espacios también contribuyen a la conservación de la biodiversidad, brindan refugio a la fauna y promueven la conectividad&#xd;
ecológica en entornos urbanos.&#xd;
Sin embargo, para su eficacia en la mitigación de los efectos del cambio climático, es necesario que las ciudades tengan espacios&#xd;
verdes en todas sus escalas, abocados a los distintos usos, y que sean de calidad.&#xd;
En esta tesis, se hará un análisis del sector en sus distintas escalas para identificar cómo el cambio climático ha afectado a Málaga.&#xd;
Se profundizará en el papel de los espacios verdes en la mitigación del cambio climático y se propondrán estrategias y enfoques para su&#xd;
diseño e implementación.</subfield>
   </datafield>
   <datafield tag="653" ind2=" " ind1=" ">
      <subfield code="a">Àrees temàtiques de la UPC::Urbanisme::Impacte ambiental</subfield>
   </datafield>
   <datafield tag="653" ind2=" " ind1=" ">
      <subfield code="a">City planning -- Spain -- Málaga</subfield>
   </datafield>
   <datafield tag="653" ind2=" " ind1=" ">
      <subfield code="a">Sustainable urban development -- Spain -- Málaga</subfield>
   </datafield>
   <datafield tag="653" ind2=" " ind1=" ">
      <subfield code="a">Climatic changes -- Spain – Málaga</subfield>
   </datafield>
   <datafield tag="653" ind2=" " ind1=" ">
      <subfield code="a">Urbanisme -- Andalusia -- Màlaga</subfield>
   </datafield>
   <datafield tag="653" ind2=" " ind1=" ">
      <subfield code="a">Desenvolupament urbà sostenible -- Andalusia -- Màlaga</subfield>
   </datafield>
   <datafield tag="653" ind2=" " ind1=" ">
      <subfield code="a">Canvis climàtics -- Andalusia -- Màlaga</subfield>
   </datafield>
   <datafield ind2="0" ind1="0" tag="245">
      <subfield code="a">Plan de adaptación y mitigación frente al cambio climático en Málaga: la importancia de los espacios verdes</subfield>
   </datafield>
</record></metadata></record></GetRecord></OAI-PMH>